01018ngm a2200265 a 450000500170000000800410001708200170005824500690007525000180014430000670016249000460022950000550027550000460033065000360037665000390041265000570045170000280050870000270053670000210056326400450058433600270062933700330065633800280068904000350071720220317001421.0161108s2001 ck g 000 0 spa 04a791.437bD3200a10 películas aventuras en destinos lejanoshvideodisco digital a1a. edición a6 DVDbsonido, en blanco y negro y en colorc12 cmd1 cartilla aCine club películas para coleccionistas aIncluye libro con las reseñas de las películas aPelículas con subtítulos en español142LEMB aAventuras vVideodiscos 142LEMB aExploradores vVideodiscos 142LEMB aPelículas cinematográficas vVideodiscos 1 aWalsh, Raould1887-19801 aKing, Henryd1886-19821 aSidney, Franklin aBogotábFonolibros de Colombiac[2011] atextobtxt2rdacontent asin mediaciónbn2rdamedia avolumenbnc2rdacarrier aCO-BoRNBPbspaerdacCO-BoRNBP